000
00381nam a22001697a 4500
003
MPLRDC
005
20220104124107.0
008
210129b ||||| |||| 00| 0 eng d
082
_a
857.6 WY
100
_a
吴宜
245
_a
底层一角
_c
250
_a
再版
260
_a
_b
香港上海书局
_c
1977
300
_b
平
650
_a
短篇小说
942
_c
BK
_o
857.6 WY
999
_c
16602
_d
16592